000 00297nam a2200121Ia 4500
005 20251222144752.0
008 251222s9999||||xx |||||||||||||| ||spa||
082 _a869.56/B66
100 _aBobadilla Rodríguez, Francisco
245 0 _aPasión por la Excelencia:
264 _bCame
942 _cLIB
999 _c19399
_d19399